Normal view
MARC view
- Huysmans, J.-K.
Entry Personal Name
001 - CONTROL NUMBER
- control field: 14065
003 - CONTROL NUMBER IDENTIFIER
- control field: NUST
005 - DATE AND TIME OF LATEST TRANSACTION
- control field: 20190402075317.0
008 - FIXED-LENGTH DATA ELEMENTS
- fixed length control field: 190402|| aca||aabn | a|a d
040 ## - CATALOGING SOURCE
- Original cataloging agency: NUST
- Transcribing agency: NUST
100 ## - HEADING--PERSONAL NAME
- Personal name: Huysmans, J.-K.
- Fuller form of name: (Joris-Karl),
- Dates associated with a name: 1848-1907
- General subdivision: Translations into English.
670 ## - SOURCE DATA FOUND
- Source citation: Work cat.: (NUST)174464: Huysmans, J.-K. (Joris-Karl), 1848-1907. 14064, With the fly (A vau-l'eau) and other works, including Marthe, A dish of spices (Le drageoir aux épices), Critical papers (from Certains and L'art moderne), and a Twenty-year-after preface (to A rebours) /, 1975.
